=LDR 00000nam 2200000 4500 =001 INLIS000000000042586 =990 ##$$a 21301567 =005 20131008015402 =990 ##$$a 93770/BPAP-NTB/2014 =008 ***********************************ind** =990 ##$$a 93771/BPAP-NTB/2014 =035 ##$$a0010-101300000000508 =990 ##$$a 21400613/BPAP-NTB/20142014 =041 ##$$a ind =990 ##$$a 0001/BPAP-NTB/20142014 =082 ##$$a 616.132 =090 ##$$a 616.132, Wid b =100 ##$$a Widharto =245 ##$$a Bahaya hipertensi, Widharto; Editor, S. surya hadikusuma =260 ##$$a 2007 $b Jakarta =300 ##$$a Iv,44 hlm, Ilus, 24 cm =650 ##$$a HIPERTENSI =850 ##$$a NBPNMAT =990 ##$$a 93770/BPAP-NTB/2014 =990 ##$$a 93771/BPAP-NTB/2014 =990 ##$$a 21400613/BPAP-NTB/20142014 =990 ##$$a 0001/BPAP-NTB/20142014 =990 ##$$a 1289412894 =990 ##$$a 01201712894 =990 ##$$a 93770/BPAP-NTB/2014 =990 ##$$a 93771/BPAP-NTB/2014 =990 ##$$a 21400613/BPAP-NTB/20142014 =990 ##$$a 0001/BPAP-NTB/20142014 =990 ##$$a 21301567 =990 ##$$a 93770/BPAP-NTB/2014 =990 ##$$a 93771/BPAP-NTB/2014 =990 ##$$a 21400613/BPAP-NTB/20142014 =990 ##$$a 0001/BPAP-NTB/20142014